[Event "SVK-chT4 A22 1617"]
[Site "Slovakia"]
[Date "2017.01.29"]
[Round "8.5"]
[White "Lelkes, Bela"]
[Black "Matis, Tibor"]
[Result "1/2-1/2"]
[WhiteElo "1632"]
[BlackElo "1719"]
[PlyCount "95"]
[EventDate "2016.10.09"]
[EventType "team-tourn"]
[EventRounds "11"]
[EventCountry "SVK"]
[SourceTitle "EXT 2020"]
[Source "ChessBase"]
[SourceDate "2019.10.17"]
[SourceVersion "1"]
[SourceVersionDate "2019.10.17"]
[SourceQuality "1"]

1. e4 c5 2. f4 Qc7 3. Qf3 Nc6 4. c3 b6 5. Bc4 Bb7 6. d3 e6 7. Nh3 Nf6 8. Be3 Na5 9. Nd2 Nxc4 10. Nxc4 d5 11. Nd2 Rd8 12. Bf2 dxe4 13. dxe4 Be7 14. Bg3 c4 15. Nf2 0-0 16. 0-0-0 b5 17. h4 a5 18. Qe3 b4 19. f5 e5 20. Nf3 Bc5 21. Qe2 Bxf2 22. Bxf2 Bxe4 23. Bg3 bxc3 24. Bxe5 cxb2+ 25. Qxb2 Qb7 26. Bxf6 gxf6 27. Qxb7 Bxb7 28. Nd2 Rd3 29. Rh3 Rfd8 30. Rxd3 Rxd3 31. Kc2 Ba6 32. Re1 Rd5 33. Re8+ Kg7 34. g4 Rd4 35. Re4 Rxe4 36. Nxe4 Bb7 37. Nf2 Kf8 38. Kc3 Ba6 39. Ne4 Ke7 40. Kd4 Bb7 41. Nd2 c3 42. Kxc3 Kd6 43. Kd4 a4 44. a3 Bg2 45. Nc4+ Kc6 46. Ne3 Bf3 47. Kc4 Kd6 48. Kd4 1/2-1/2

[Event "SVK-chT4 A22 1415"]
[Site "Slovakia"]
[Date "2015.01.18"]
[Round "7.3"]
[White "Matis, Tibor1111"]
[Black "Lelkes, Bela"]
[Result "1-0"]
[WhiteElo "1664"]
[BlackElo "1707"]
[PlyCount "57"]
[EventDate "2014.10.12"]
[EventType "team-tourn"]
[EventRounds "11"]
[EventCountry "SVK"]
[SourceTitle "EXT 2019"]
[Source "ChessBase"]
[SourceDate "2018.10.10"]
[SourceVersion "1"]
[SourceVersionDate "2018.10.10"]
[SourceQuality "1"]

1. e4 e5 2. Nf3 d6 3. d4 exd4 4. Nxd4 Bd7 5. Nc3 Nc6 6. Bc4 a6 7. 0-0 Ne5 8. Bb3 Nf6 9. f4 Ng6 10. Qe1 Be7 11. e5 dxe5 12. fxe5 Nxe5 13. Qxe5 0-0 14. Qg3 Bd6 15. Qd3 Bc5 16. Nce2 Bg4 17. Kh1 Qe7 18. Bg5 Rad8 19. c3 Rfe8 20. Bxf6 gxf6 21. Bc2 f5 22. Ng3 Bxd4 23. cxd4 Rd5 24. h3 Be2 25. Nxe2 Qxe2 26. Qg3+ Kh8 27. Rae1 Rg8 28. Qxg8+ Kxg8 29. Rxe2 1-0

[Event "SVK-chT4 A22 1415"]
[Site "Slovakia"]
[Date "2015.01.04"]
[Round "6.4"]
[White "Slezak, Rudolf"]
[Black "Lelkes, Bela"]
[Result "1/2-1/2"]
[WhiteElo "1632"]
[BlackElo "1707"]
[PlyCount "65"]
[EventDate "2014.10.12"]
[EventType "team-tourn"]
[EventRounds "11"]
[EventCountry "SVK"]
[SourceTitle "EXT 2019"]
[Source "ChessBase"]
[SourceDate "2018.10.10"]
[SourceVersion "1"]
[SourceVersionDate "2018.10.10"]
[SourceQuality "1"]

1. c4 c5 2. Nc3 a6 3. g3 Nc6 4. Bg2 Rb8 5. Nf3 Nf6 6. 0-0 g6 7. e3 Bg7 8. d4 cxd4 9. exd4 0-0 10. Bf4 d6 11. c5 Nh5 12. Be3 dxc5 13. dxc5 Be6 14. h3 Qxd1 15. Rfxd1 Rbd8 16. g4 Nf6 17. Nd4 Nxd4 18. Bxd4 Rd7 19. c6 bxc6 20. Bxc6 Rc7 21. Ba4 Rfc8 22. Bb3 Bc4 23. g5 Ne8 24. Bxg7 Kxg7 25. Nd5 Rb7 26. Bxc4 Rxc4 27. b3 Rc2 28. Ne3 Rc5 29. h4 Nd6 30. Rac1 Rbc7 31. Rxc5 Rxc5 32. Rd5 Rc6 33. Kg2 1/2-1/2

[Event "SVK-chT4 A22 1415"]
[Site "Slovakia"]
[Date "2014.11.23"]
[Round "4.3"]
[White "Brestovansky, Anton"]
[Black "Lelkes, Bela"]
[Result "1/2-1/2"]
[WhiteElo "1717"]
[BlackElo "1707"]
[PlyCount "20"]
[EventDate "2014.10.12"]
[EventType "team-tourn"]
[EventRounds "11"]
[EventCountry "SVK"]
[SourceTitle "EXT 2019"]
[Source "ChessBase"]
[SourceDate "2018.10.10"]
[SourceVersion "1"]
[SourceVersionDate "2018.10.10"]
[SourceQuality "1"]

1. d4 d5 2. c4 c6 3. e3 Nf6 4. Nc3 a6 5. a3 Bf5 6. Nf3 Nbd7 7. Bd3 Bxd3 8. Qxd3 Nb6 9. c5 Nbd7 10. b4 h6 1/2-1/2

[Event "SVK-chT4 A22 1415"]
[Site "Slovakia"]
[Date "2014.10.26"]
[Round "2.2"]
[White "Lelkes, Bela"]
[Black "Janas, Peter"]
[Result "0-1"]
[WhiteElo "1707"]
[BlackElo "1736"]
[PlyCount "80"]
[EventDate "2014.10.12"]
[EventType "team-tourn"]
[EventRounds "11"]
[EventCountry "SVK"]
[SourceTitle "EXT 2019"]
[Source "ChessBase"]
[SourceDate "2018.10.10"]
[SourceVersion "1"]
[SourceVersionDate "2018.10.10"]
[SourceQuality "1"]

1. e4 e5 2. Bc4 Bc5 3. Nf3 Nc6 4. c3 Nf6 5. d3 h6 6. Be3 Bxe3 7. fxe3 d6 8. 0-0 Be6 9. Bxe6 fxe6 10. Qb3 Qd7 11. Na3 0-0-0 12. c4 d5 13. cxd5 exd5 14. exd5 Nxd5 15. Nc4 Rhe8 16. Rad1 Qg4 17. a3 e4 18. dxe4 Qxe4 19. Nfd2 Qe6 20. Rf3 Nf6 21. Re1 Nd4 22. Qd1 Nxf3+ 23. Qxf3 Ne4 24. Qe2 Re7 25. Nf3 Nf6 26. Ncd2 Rde8 27. Nf1 Qb6 28. h3 g5 29. Qc2 Kb8 30. b4 g4 31. hxg4 Nxg4 32. Qd2 a6 33. Kh1 Nxe3 34. Nxe3 Rxe3 35. Rd1 Re2 36. Qd5 Qf2 37. Rg1 Qe3 38. a4 Qf4 39. Qc5 R2e5 40. Nxe5 Qh4# 0-1

[Event "SVK-chT4 A22 1314"]
[Site "Slovakia"]
[Date "2014.02.09"]
[Round "8.3"]
[White "Lelkes, Bela"]
[Black "Hornak, Pavol"]
[Result "1-0"]
[WhiteElo "1698"]
[BlackElo "1750"]
[PlyCount "65"]
[EventDate "2013.10.06"]
[EventType "team-tourn"]
[EventRounds "11"]
[EventCountry "SVK"]
[SourceTitle "EXT 2015"]
[Source "ChessBase"]
[SourceDate "2014.11.20"]
[SourceVersion "1"]
[SourceVersionDate "2014.11.20"]
[SourceQuality "1"]
[WhiteTeam "Potonska Veza III"]
[BlackTeam "Cifer II"]
[WhiteTeamCountry "SVK"]
[BlackTeamCountry "SVK"]

1. e4 c5 2. f4 e6 3. Bc4 d5 4. Bb5+ Bd7 5. Bxd7+ Qxd7 6. exd5 exd5 7. Qf3 Nf6 8. d3 Nc6 9. Ne2 Be7 10. 0-0 0-0 11. a3 Rfe8 12. Nbc3 a6 13. b3 b5 14. Bb2 Bd8 15. Rae1 Bb6 16. Kh1 d4 17. Ne4 Nd5 18. Bc1 b4 19. a4 Re7 20. Bd2 Rae8 21. g4 Nc3 22. N2g3 Kf8 23. Nf5 Nxe4 24. dxe4 Re6 25. Ng3 Rd8 26. Qd3 Qb7 27. Re2 Rde8 28. Kg2 Bc7 29. e5 Rg6 30. h3 Bd8 31. Ne4 Be7 32. Qg3 Qc7 33. f5 1-0

[Event "SVK-chT4 A22 1314"]
[Site "Slovakia"]
[Date "2014.01.26"]
[Round "7.4"]
[White "Horecky, Peter"]
[Black "Lelkes, Bela"]
[Result "1-0"]
[WhiteElo "1697"]
[BlackElo "1698"]
[PlyCount "41"]
[EventDate "2013.10.06"]
[EventType "team-tourn"]
[EventRounds "11"]
[EventCountry "SVK"]
[SourceTitle "EXT 2015"]
[Source "ChessBase"]
[SourceDate "2014.11.20"]
[SourceVersion "1"]
[SourceVersionDate "2014.11.20"]
[SourceQuality "1"]
[WhiteTeam "Sered MSK"]
[BlackTeam "Potonska Veza III"]
[WhiteTeamCountry "SVK"]
[BlackTeamCountry "SVK"]

1. d4 c6 2. c4 Nf6 3. Nc3 d5 4. Nf3 h6 5. e3 Bf5 6. Qb3 b6 7. Ne5 Qd6 8. cxd5 Nxd5 9. e4 Qb4 10. exd5 Qxb3 11. axb3 f6 12. Nxc6 a5 13. Bb5 Kf7 14. Nd8+ Kg6 15. Be8+ Kh7 16. Ne6 Na6 17. Bc6 Rb8 18. Bf4 Nb4 19. Bxb8 Nc2+ 20. Kd2 Bxe6 21. Kxc2 1-0

[Event "SVK-chT4 A22 1314"]
[Site "Slovakia"]
[Date "2014.01.12"]
[Round "6.4"]
[White "Drgon, Matus"]
[Black "Lelkes, Bela"]
[Result "1-0"]
[WhiteElo "1712"]
[BlackElo "1698"]
[PlyCount "61"]
[EventDate "2013.10.06"]
[EventType "team-tourn"]
[EventRounds "11"]
[EventCountry "SVK"]
[SourceTitle "EXT 2015"]
[Source "ChessBase"]
[SourceDate "2014.11.20"]
[SourceVersion "1"]
[SourceVersionDate "2014.11.20"]
[SourceQuality "1"]
[WhiteTeam "Hlohovec II"]
[BlackTeam "Potonska Veza III"]
[WhiteTeamCountry "SVK"]
[BlackTeamCountry "SVK"]

1. e4 c5 2. Nf3 Nc6 3. d4 cxd4 4. Nxd4 Nxd4 5. Qxd4 Qc7 6. Nc3 e6 7. Be3 Nf6 8. Nb5 Qa5+ 9. Bd2 Qd8 10. 0-0-0 b6 11. Bf4 Bc5 12. Qd3 0-0 13. Nc7 Bb7 14. Nxa8 Bxe4 15. Qd2 Qxa8 16. f3 Bg6 17. Bc4 d5 18. Bd3 Qe8 19. Bxg6 hxg6 20. g4 Qa4 21. Kb1 Qb5 22. Qd3 Qc6 23. h4 Nh7 24. g5 Rc8 25. h5 Nf8 26. h6 Bd6 27. Bxd6 Qxd6 28. hxg7 Nh7 29. Qd4 Rc4 30. Qf6 Rf4 31. Rxh7 1-0

[Event "SVK-chT4 A22 1314"]
[Site "Slovakia"]
[Date "2013.12.08"]
[Round "5.3"]
[White "Puskar, David"]
[Black "Lelkes, Bela"]
[Result "1/2-1/2"]
[WhiteElo "1686"]
[BlackElo "1698"]
[PlyCount "26"]
[EventDate "2013.10.06"]
[EventType "team-tourn"]
[EventRounds "11"]
[EventCountry "SVK"]
[SourceTitle "EXT 2015"]
[Source "ChessBase"]
[SourceDate "2014.11.20"]
[SourceVersion "1"]
[SourceVersionDate "2014.11.20"]
[SourceQuality "1"]
[WhiteTeam "Trnava Lokomotiva V"]
[BlackTeam "Potonska Veza III"]
[WhiteTeamCountry "SVK"]
[BlackTeamCountry "SVK"]

1. c4 c5 2. Nc3 Nc6 3. Nf3 Nf6 4. g3 b6 5. Bg2 Bb7 6. 0-0 e6 7. d3 Be7 8. Bf4 a6 9. a3 Nh5 10. Bd2 Nf6 11. Bf4 Nh5 12. Bd2 Nf6 13. Bf4 Nh5 1/2-1/2

[Event "SVK-chT4 A22 1314"]
[Site "Slovakia"]
[Date "2013.10.06"]
[Round "1.1"]
[White "Szitasi, Janos"]
[Black "Lelkes, Bela"]
[Result "1-0"]
[WhiteElo "1983"]
[BlackElo "1698"]
[PlyCount "27"]
[EventDate "2013.10.06"]
[EventType "team-tourn"]
[EventRounds "11"]
[EventCountry "SVK"]
[SourceTitle "EXT 2015"]
[Source "ChessBase"]
[SourceDate "2014.11.20"]
[SourceVersion "1"]
[SourceVersionDate "2014.11.20"]
[SourceQuality "1"]
[WhiteTeam "Potonska Veza II"]
[BlackTeam "Potonska Veza III"]
[WhiteTeamCountry "SVK"]
[BlackTeamCountry "SVK"]

1. e4 e5 2. Nf3 d6 3. Bc4 Qf6 4. Nc3 Ne7 5. h3 Be6 6. Qe2 Nd7 7. Nb5 Kd8 8. d4 c6 9. Nxd6 Bxc4 10. Nxc4 exd4 11. 0-0 Ng6 12. Bg5 Nf4 13. Bxf6+ Nxf6 14. Qd2 1-0

[Event "SVK-chT4 A22 1213"]
[Site "Slovakia"]
[Date "2012.12.16"]
[Round "5.3"]
[White "Lelkes, Bela"]
[Black "Brestovansky, Anton"]
[Result "1/2-1/2"]
[WhiteElo "1743"]
[BlackElo "1708"]
[PlyCount "30"]
[EventDate "2012.10.14"]
[EventType "team-tourn"]
[EventRounds "11"]
[EventCountry "SVK"]
[SourceTitle "EXT 2015"]
[Source "ChessBase"]
[SourceDate "2014.11.20"]
[SourceVersion "1"]
[SourceVersionDate "2014.11.20"]
[SourceQuality "1"]
[WhiteTeam "Potonska Veza III"]
[BlackTeam "Dolna Krupa SK"]
[WhiteTeamCountry "SVK"]
[BlackTeamCountry "SVK"]

1. e4 c5 2. f4 d6 3. Bc4 Nc6 4. Nf3 e6 5. 0-0 a6 6. a3 h6 7. Kh1 b5 8. Be2 Be7 9. d4 cxd4 10. Nxd4 Nxd4 11. Qxd4 Bf6 12. e5 dxe5 13. Qxd8+ Bxd8 14. fxe5 Bc7 15. Bf4 Ne7 1/2-1/2

[Event "SVK-chT4 A22 1213"]
[Site "Slovakia"]
[Date "2012.11.11"]
[Round "3.3"]
[White "Lelkes, Bela"]
[Black "Drgon, Matus"]
[Result "0-1"]
[WhiteElo "1743"]
[BlackElo "1643"]
[PlyCount "56"]
[EventDate "2012.10.14"]
[EventType "team-tourn"]
[EventRounds "11"]
[EventCountry "SVK"]
[SourceTitle "EXT 2015"]
[Source "ChessBase"]
[SourceDate "2014.11.20"]
[SourceVersion "1"]
[SourceVersionDate "2014.11.20"]
[SourceQuality "1"]
[WhiteTeam "Potonska Veza III"]
[BlackTeam "Trakovice SK"]
[WhiteTeamCountry "SVK"]
[BlackTeamCountry "SVK"]

1. e4 c5 2. f4 d6 3. Nf3 e6 4. d4 cxd4 5. Nxd4 Nc6 6. c3 Nf6 7. Bb5 Bd7 8. Qe2 a6 9. Nxc6 Bxc6 10. Bxc6+ bxc6 11. g4 d5 12. e5 Ne4 13. Nd2 Qh4+ 14. Kf1 Ng3+ 15. hxg3 Qxh1+ 16. Kf2 Bc5+ 17. Qe3 Bxe3+ 18. Kxe3 c5 19. Nf3 d4+ 20. cxd4 cxd4+ 21. Nxd4 Rc8 22. Ne2 0-0 23. b3 Rfd8 24. Bb2 Rd1 25. Rxd1 Qxd1 26. f5 Rc2 27. Nc3 Qd2+ 28. Ke4 Rxc3 0-1

[Event "SVK-chT3A2 1213"]
[Site "Slovakia"]
[Date "2012.10.21"]
[Round "2.3"]
[White "Lelkes, Bela"]
[Black "Kanka, Tomas"]
[Result "1-0"]
[WhiteElo "1743"]
[BlackElo "1435"]
[PlyCount "109"]
[EventDate "2012.10.07"]
[EventType "team-tourn"]
[EventRounds "11"]
[EventCountry "SVK"]
[SourceTitle "EXT 2015"]
[Source "ChessBase"]
[SourceDate "2014.11.20"]
[SourceVersion "1"]
[SourceVersionDate "2014.11.20"]
[SourceQuality "1"]
[WhiteTeam "Potonska Veza"]
[BlackTeam "Gbely Nafta"]
[WhiteTeamCountry "SVK"]
[BlackTeamCountry "SVK"]

1. e4 e6 2. d4 d5 3. e5 c5 4. c3 Nc6 5. Be3 cxd4 6. cxd4 Bb4+ 7. Nc3 Nge7 8. Bd3 Qc7 9. f4 Bd7 10. Nge2 0-0 11. 0-0 a6 12. Rc1 f6 13. exf6 Rxf6 14. Ng3 Bxc3 15. Rxc3 Nf5 16. Nxf5 exf5 17. Qf3 Be6 18. a3 Raf8 19. b4 Qd7 20. Rfc1 Rh6 21. b5 axb5 22. Bxb5 Bf7 23. Qf2 Be8 24. Rc5 Rff6 25. Ba4 Rfg6 26. Qf3 Bf7 27. Bb3 Rd6 28. a4 Bh5 29. Qf2 Bf7 30. g3 Qe7 31. Re1 Qd7 32. Qg2 Rhg6 33. a5 h5 34. h4 Rxg3 35. Qxg3 Rg6 36. Kf2 Rxg3 37. Kxg3 Qe6 38. Bxd5 Qg6+ 39. Kf2 Nb4 40. Bxf7+ Qxf7 41. Rc8+ Kh7 42. Ke2 Qa2+ 43. Kf3 Qxa5 44. Rc5 Qa8 45. Rxf5 g6 46. Rg5 b5+ 47. Ke2 Qa2+ 48. Kf3 Nd3 49. Reg1 b4 50. Rxg6 Ne1+ 51. Ke4 Qa8+ 52. d5 Qe8+ 53. Re6 Qb5 54. Re7+ Kh8 55. Bd4# 1-0

[Event "Lakitelek Magyarok op"]
[Site "Lakitelek"]
[Date "2011.08.13"]
[Round "8"]
[White "Marosi, Csaba"]
[Black "Lelkes, Bela"]
[Result "1/2-1/2"]
[WhiteElo "2016"]
[BlackElo "1828"]
[PlyCount "22"]
[EventDate "2011.08.06"]
[EventType "swiss"]
[EventRounds "9"]
[EventCountry "HUN"]
[SourceTitle "CBM 144 Extra"]
[Source "ChessBase"]
[SourceDate "2011.10.28"]
[SourceVersion "1"]
[SourceVersionDate "2011.10.28"]
[SourceQuality "1"]

1. e4 c5 2. Nf3 Nc6 3. b3 e5 4. Bb2 f6 5. d3 Nge7 6. Nbd2 Ng6 7. g3 Be7 8. Bg2 0-0 9. 0-0 d5 10. Re1 d4 11. a4 Be6 1/2-1/2

[Event "Lakitelek Magyarok op"]
[Site "Lakitelek"]
[Date "2011.08.10"]
[Round "6"]
[White "Adzic, Anna"]
[Black "Lelkes, Bela"]
[Result "1/2-1/2"]
[WhiteElo "1531"]
[BlackElo "1828"]
[PlyCount "112"]
[EventDate "2011.08.06"]
[EventType "swiss"]
[EventRounds "9"]
[EventCountry "HUN"]
[SourceTitle "CBM 144 Extra"]
[Source "ChessBase"]
[SourceDate "2011.10.28"]
[SourceVersion "1"]
[SourceVersionDate "2011.10.28"]
[SourceQuality "1"]

1. e4 c5 2. Nf3 Nc6 3. Nc3 a6 4. g3 g6 5. d4 cxd4 6. Nxd4 Bg7 7. Be3 d6 8. Bg2 Bd7 9. 0-0 Nf6 10. h3 Qc8 11. Kh2 Ne5 12. Nde2 h5 13. Rb1 h4 14. g4 Nfxg4+ 15. hxg4 h3 16. Bh1 Nxg4+ 17. Kg1 h2+ 18. Kg2 Ne5 19. f3 Bh3+ 20. Kf2 Bxf1 21. Qxf1 Qh3 22. Qxh3 Rxh3 23. Bg2 Rh5 24. Nd5 Rc8 25. c3 f5 26. Ng3 Rh7 27. exf5 gxf5 28. Nxf5 Bh8 29. Bd4 Rc6 30. Ndxe7 Rxe7 31. Nxe7 Kxe7 32. f4 Nd3+ 33. Kg3 Bxd4 34. cxd4 Rc7 35. Be4 Nc1 36. Kxh2 Nxa2 37. Kg3 Nb4 38. Kg4 Kf6 39. Rh1 Rg7+ 40. Kf3 b6 41. Rh6+ Ke7 42. Rh7 Rxh7 43. Bxh7 Kf6 44. Kg4 Nd5 45. Kf3 a5 46. Ke4 Nb4 47. b3 b5 48. Bg8 a4 49. bxa4 bxa4 50. f5 a3 51. Bb3 Nc6 52. Kd5 Na5 53. Ba2 Ke7 54. f6+ Kxf6 55. Kxd6 Nb7+ 56. Kd5 Ke7 1/2-1/2

[Event "Lakitelek Magyarok op"]
[Site "Lakitelek"]
[Date "2011.08.09"]
[Round "5"]
[White "Lelkes, Bela"]
[Black "Domany, Zsofia"]
[Result "0-1"]
[WhiteElo "1828"]
[BlackElo "2199"]
[PlyCount "46"]
[EventDate "2011.08.06"]
[EventType "swiss"]
[EventRounds "9"]
[EventCountry "HUN"]
[SourceTitle "CBM 144 Extra"]
[Source "ChessBase"]
[SourceDate "2011.10.28"]
[SourceVersion "1"]
[SourceVersionDate "2011.10.28"]
[SourceQuality "1"]

1. e4 c5 2. f4 d6 3. Nf3 Nc6 4. Bc4 e6 5. 0-0 g6 6. d4 Qb6 7. d5 Na5 8. dxe6 fxe6 9. Na3 Bd7 10. Qd3 Nf6 11. Rd1 0-0-0 12. Ng5 d5 13. exd5 exd5 14. Nf7 dxc4 15. Nxc4 Nxc4 16. Qxc4 Be7 17. Nxh8 Rxh8 18. Qf7 c4+ 19. Kh1 Ng4 20. Re1 Nf2+ 21. Kg1 Nh3+ 22. Kh1 Qg1+ 23. Rxg1 Nf2# 0-1

[Event "Lakitelek Magyarok op"]
[Site "Lakitelek"]
[Date "2011.08.08"]
[Round "3"]
[White "Lelkes, Bela"]
[Black "Tanacs, Istvan"]
[Result "1-0"]
[WhiteElo "1828"]
[BlackElo "1662"]
[PlyCount "55"]
[EventDate "2011.08.06"]
[EventType "swiss"]
[EventRounds "9"]
[EventCountry "HUN"]
[SourceTitle "CBM 144 Extra"]
[Source "ChessBase"]
[SourceDate "2011.10.28"]
[SourceVersion "1"]
[SourceVersionDate "2011.10.28"]
[SourceQuality "1"]

1. e4 e5 2. Bc4 Nc6 3. f4 Qh4+ 4. g3 Qe7 5. f5 Nf6 6. d3 d6 7. Nc3 Bd7 8. Bd2 g6 9. fxg6 hxg6 10. Bg5 0-0-0 11. Nd5 Nxd5 12. Bxe7 Ndxe7 13. Bxf7 Rh7 14. Bb3 Bh6 15. Ne2 Bg4 16. h3 Bf3 17. Be6+ Kb8 18. Rf1 Nd4 19. Bg4 Rf8 20. c3 Nxe2 21. Rxf3 Rxf3 22. Bxf3 Nxg3 23. Kf2 Bf4 24. Bg4 g5 25. Qb3 a6 26. Rg1 Nh5 27. Qe6 Nc6 28. Qg8+ 1-0

[Event "Lakitelek Magyarok op"]
[Site "Lakitelek"]
[Date "2011.08.07"]
[Round "2"]
[White "Meszaros, Edmond Vilmos"]
[Black "Lelkes, Bela"]
[Result "1/2-1/2"]
[WhiteElo "1664"]
[BlackElo "1828"]
[PlyCount "126"]
[EventDate "2011.08.06"]
[EventType "swiss"]
[EventRounds "9"]
[EventCountry "HUN"]
[SourceTitle "CBM 144 Extra"]
[Source "ChessBase"]
[SourceDate "2011.10.28"]
[SourceVersion "1"]
[SourceVersionDate "2011.10.28"]
[SourceQuality "1"]

1. Nf3 Nc6 2. Nc3 e5 3. e4 Nf6 4. d4 exd4 5. Nxd4 Nxd4 6. Qxd4 d6 7. Bf4 a6 8. Bc4 Be6 9. Nd5 Nxd5 10. Bxd5 Rb8 11. Bb3 Bxb3 12. axb3 Qd7 13. 0-0 Qg4 14. Bg3 Be7 15. Qd3 0-0 16. h3 Qd7 17. Rad1 Rbd8 18. Rd2 Rfe8 19. Rfd1 Bf6 20. c4 b6 21. f3 a5 22. Qd5 Qe6 23. Qxe6 Rxe6 24. Re1 Kf8 25. Kf1 Ke7 26. f4 g6 27. e5 dxe5 28. Rxd8 Kxd8 29. fxe5 Bg5 30. h4 Be7 31. Bf2 Bb4 32. Re2 Re8 33. Bd4 Kd7 34. Kf2 Ke6 35. Kf3 Rd8 36. Ke4 c5 37. Bf2 Rd1 38. g3 Rd2 39. Rxd2 Bxd2 40. g4 Bc1 41. g5 Bxb2 42. Bg3 Bc1 43. Bh2 Bd2 44. Bg3 Bc3 45. Bf2 Bxe5 46. Be1 Bd4 47. Bg3 Kd7 48. Kd5 f5 49. gxf6 Bxf6 50. Bf2 h5 51. Bg3 g5 52. hxg5 Bxg5 53. Bh2 h4 54. Ke5 Kc6 55. Kf5 Bd8 56. Kg4 b5 57. Be5 a4 58. cxb5+ Kxb5 59. bxa4+ Kxa4 60. Kh3 c4 61. Kg4 Kb3 62. Kh3 c3 63. Bxc3 Kxc3 1/2-1/2

[Event "SVK-chT3A2 1011"]
[Site "Slovakia"]
[Date "2011.02.27"]
[Round "9.8"]
[White "Planka, Peter"]
[Black "Lelkes, Bela"]
[Result "1-0"]
[WhiteElo "1798"]
[BlackElo "1843"]
[PlyCount "59"]
[EventDate "2010.10.17"]
[EventType "team-tourn"]
[EventRounds "11"]
[EventCountry "SVK"]
[SourceTitle "EXT 2019"]
[Source "ChessBase"]
[SourceDate "2018.10.10"]
[SourceVersion "1"]
[SourceVersionDate "2018.10.10"]
[SourceQuality "1"]
[WhiteTeam "Skalica"]
[BlackTeam "Potonska Veza"]
[WhiteTeamCountry "SVK"]
[BlackTeamCountry "SVK"]

1. e4 c5 2. Nf3 Nc6 3. d4 cxd4 4. Nxd4 Nxd4 5. Qxd4 Qc7 6. c4 b6 7. Nc3 e6 8. Nb5 Qc6 9. Bd3 Bb7 10. Bf4 Bb4+ 11. Ke2 Kf8 12. Be5 f6 13. Bd6+ Bxd6 14. Nxd6 Ba6 15. b4 Ke7 16. Rhd1 Bc8 17. c5 bxc5 18. bxc5 a6 19. Rab1 Ra7 20. Rb6 Qc7 21. Nxc8+ Qxc8 22. Qd6+ Kf7 23. Rb8 Qc6 24. Rf8+ Kg6 25. Qg3+ Kh5 26. Qh3+ Kg5 27. f4+ Kg6 28. e5+ f5 29. Bxf5+ exf5 30. Qxf5+ 1-0

[Event "SVK-chT3A2 1011"]
[Site "Slovakia"]
[Date "2010.11.28"]
[Round "4.8"]
[White "Lelkes, Bela"]
[Black "Fidericky, Milan"]
[Result "0-1"]
[WhiteElo "1843"]
[BlackElo "1835"]
[PlyCount "72"]
[EventDate "2010.10.17"]
[EventType "team-tourn"]
[EventRounds "11"]
[EventCountry "SVK"]
[SourceTitle "EXT 2012"]
[Source "ChessBase"]
[SourceDate "2011.11.24"]
[SourceVersion "1"]
[SourceVersionDate "2011.11.24"]
[SourceQuality "1"]
[WhiteTeam "Potonska Veza"]
[BlackTeam "Senica SK"]
[WhiteTeamCountry "SVK"]
[BlackTeamCountry "SVK"]

1. e4 e5 2. f4 exf4 3. Nf3 Be7 4. Qe2 Bh4+ 5. Nxh4 Qxh4+ 6. Qf2 Qxf2+ 7. Kxf2 Nc6 8. Bc4 Nge7 9. c3 Ne5 10. Be2 d6 11. h3 g5 12. d4 N5g6 13. Nd2 Bd7 14. Nf3 f6 15. Bd2 Kf7 16. Nh2 h5 17. Rag1 Raf8 18. Bf3 Bc6 19. Re1 Re8 20. c4 Nh4 21. Bd1 Neg6 22. Bc2 Re7 23. Re2 Rhe8 24. Rhe1 b6 25. Bc3 Bd7 26. Rf1 f5 27. Rfe1 g4 28. hxg4 fxg4 29. g3 f3 30. Re3 Ng2 31. d5 Nxe3 32. Rxe3 Ne5 33. b3 Rh8 34. Re1 h4 35. Rf1 hxg3+ 36. Kxg3 Rh3+ 0-1

[Event "SVK-chT3A2 0910"]
[Site "Slovakia"]
[Date "2010.03.14"]
[Round "10.8"]
[White "Gasa, Patrik"]
[Black "Lelkes, Bela"]
[Result "0-1"]
[WhiteElo "1465"]
[BlackElo "1833"]
[PlyCount "66"]
[EventDate "2009.10.18"]
[EventType "team-tourn"]
[EventRounds "11"]
[EventCountry "SVK"]
[SourceTitle "EXT 2011"]
[Source "ChessBase"]
[SourceDate "2010.11.26"]
[SourceVersion "1"]
[SourceVersionDate "2010.11.26"]
[SourceQuality "1"]
[WhiteTeam "Senica"]
[BlackTeam "Potonska Veza"]
[WhiteTeamCountry "SVK"]
[BlackTeamCountry "SVK"]

1. d4 d5 2. c4 c6 3. Nc3 Nf6 4. Nf3 h6 5. Bf4 dxc4 6. e4 Bg4 7. Bxc4 Bxf3 8. gxf3 e6 9. a3 Nbd7 10. 0-0 Nh5 11. Bg3 Nb6 12. Bb3 Qg5 13. Ne2 0-0-0 14. Qc2 Bd6 15. Rfd1 Rd7 16. Rd3 Rhd8 17. Rad1 Bc7 18. Ba2 Nf6 19. b4 h5 20. h4 Qg6 21. Kh2 Nxe4 22. fxe4 Qxe4 23. Nc3 Qxh4+ 24. Kg2 Qg4 25. Qe2 Rxd4 26. Qxg4 Rxg4 27. Rxd8+ Bxd8 28. f3 Rg6 29. Kf2 Nd5 30. Ne4 Bb6+ 31. Ke1 f5 32. Nd6+ Kd7 33. Be5 Rg1+ 0-1

[Event "SVK-chT3A2 0910"]
[Site "Slovakia"]
[Date "2009.12.13"]
[Round "5.8"]
[White "Matus, David"]
[Black "Lelkes, Bela"]
[Result "1-0"]
[WhiteElo "1530"]
[BlackElo "1833"]
[PlyCount "61"]
[EventDate "2009.10.18"]
[EventType "team-tourn"]
[EventRounds "11"]
[EventCountry "SVK"]
[SourceTitle "EXT 2011"]
[Source "ChessBase"]
[SourceDate "2010.11.26"]
[SourceVersion "1"]
[SourceVersionDate "2010.11.26"]
[SourceQuality "1"]
[WhiteTeam "Dunajska Streda SK III"]
[BlackTeam "Potonska Veza"]
[WhiteTeamCountry "SVK"]
[BlackTeamCountry "SVK"]

1. e4 c5 2. Nf3 Nc6 3. d4 cxd4 4. Nxd4 Qb6 5. Nf3 g6 6. Nc3 Bg7 7. Nd5 Qd8 8. Bf4 e5 9. Bd2 Nge7 10. Bc3 0-0 11. Bb5 Re8 12. 0-0 a6 13. Nxe7+ Qxe7 14. Bc4 b5 15. Bd5 Bb7 16. Qd2 Rab8 17. Ng5 Rf8 18. f4 Bh6 19. h4 Bg7 20. fxe5 Nxe5 21. Bxb7 Rxb7 22. Bb4 Nc4 23. Qd5 d6 24. Rf3 Rd7 25. Raf1 Nxb2 26. Nxf7 h6 27. Ne5+ Kh7 28. Rxf8 Bxf8 29. Rf7+ Qxf7 30. Nxf7 Kg7 31. Bc3+ 1-0